| 000 | 00742nam a2200217Ii 4500 | ||
|---|---|---|---|
| 003 | JO-AjNU | ||
| 008 | 230605s9999||||xx |||||||||||||| ||und|| | ||
| 017 | _a1992/11/839 | ||
| 040 |
_aJO-AjNU _bara _erda _cJO-AjNU |
||
| 041 | _aara | ||
| 050 | 1 | 4 | _aDS35.63.I2668 1992 |
| 100 | 3 |
_aالعمري، ابن فضل الله؛ تحقيق الدروبي، سمير, _eauthor _945409 |
|
| 245 | 0 | 0 | _aالتعريف بالمصطلح الشريف |
| 250 | _aط1 | ||
| 264 | 3 | 1 | _aالكرك: جامعة مؤتة، 1992 |
| 300 |
_a380ص _bفهارس من ص (381-425 ) |
||
| 336 |
_atext _btxt _2rdacontent |
||
| 337 |
_aunmediated _bn _2rdamedia |
||
| 338 |
_avolume _bnc _2rdacarrier |
||
| 650 | 4 |
_aاالمصطلح الشريف-تاريخ _945410 |
|
| 999 |
_aA19681 _c23249 _d23249 |
||